000 01226cam a2200289 a 4500
001 9486
003 FISKH
005 20260114113336.0
008 061107s2007 nyub b 000 1 eng
010 _a 2006050432
020 _a9780143104995
040 _aDLC
_cDLC
_dDLC
_beng
050 0 0 _aPT2583.W9
_bS313 2007
082 0 0 _a833/.6
_222
100 1 _aWyss, Johann David,
_d1743-1818.
245 1 4 _aThe Swiss family Robinson /
_cRetold from the Johann David Wyss original by Chris Tait ; Illustrated by Jamel Akib
260 _aNew York :
_bSterling,
_c2007.
300 _a151 pages :
_billustrations ;
_c19 cm
_e2 CDs Room .
490 0 _aClassic starts
500 _a"First published in 1816 as The family Robinson Crusoe, or, Journal of a father shipwrecked, with his wife and children, on an uninhabited island."
520 _aAn abridged version of the story that relates the fortunes of a shipwrecked family as they imaginatively adapt to life on an island with abundant animal and plant life.
650 _aRealistic Fiction
_vJuvenile Fiction
_xStories from Childhood
700 _aAkib, Jamel
_eillustrator
906 _a7
_bcbc
_corignew
_d1
_eocip
_f20
_gy-gencatlg
942 _2ddc
_cBK
_n0
999 _c9486
_d9486